000
00369nam a2200169Ia 4500
001
9645
005
20250626030243.0
008
211022s9999 xx 000 0 und d
082
_a
220.52 GOO
100
_a
Good News Publishers
245
0
_a
Holy Bible (ESV) :
260
_a
"Wheaton, ILL."
260
_b
Crossway
260
_c
2002
300
_a
1074
942
_c
BK
999
_c
8997
_d
8997